Online Catalogue and eLibrary

Niti-Nighanduva orthe vocabulary of law (Record no. 2817)

MARC details
000 -LEADER
fixed length control field 00394nam a2200157Ia 4500
005 - DATE AND TIME OF LATEST TRANSACTION
control field 20240530045329.0
008 - FIXED-LENGTH DATA ELEMENTS--GENERAL INFORMATION
fixed length control field 240331s9999 xx 000 0 und d
020 ## - INTERNATIONAL STANDARD BOOK NUMBER
ISBN 817013126x
082 ## - DDC Classification
Item Number - Author Mark NIT
Class No. 340.95
245 #0 - TITLE STATEMENT
Title Niti-Nighanduva orthe vocabulary of law
260 ## - PUBLICATION, DISTRIBUTION, ETC.
Place of publication, distribution, etc. New Delhi
Name of publisher, distributor, etc. Lake House Bookshop
Date of publication, distribution, etc. 1994
300 ## - PHYSICAL DESCRIPTION
Extent (e.g. Volumes, Pages etc.) xxxix, 119 p .,
650 ## - SUBJECT ADDED ENTRY--TOPICAL TERM
Topical term or geographic name entry element Laws
650 ## - SUBJECT ADDED ENTRY--TOPICAL TERM
Topical term or geographic name entry element History
942 ## - Koha item type (Biblio)
Koha item type Books in Stacks (Lending)
Holdings
Lost status Damaged status Collection code Home library Current library Shelving location Date acquired Full call number Accession Number Item type
    Lending WERC Library WERC Library Social Science Cupboard 03/31/2024 340.95 NIT 3588 Books in Stacks (Lending)

© WERC Library